000
002680000a22000970004500
100
1
_a
Miranda, Gabriela
245
1
0
_a
La guerra sucia del agua embotellada
300
_a
Vol.26, núm.1 (Primer semestre, 2006), Páginas 83-93
773
0
_t
Vida y Pensamiento
942
_c
ANA
999
_c
61527
_d
61527